Northamptonshire A-Z - Statistics

General Stats
  • This quiz has been taken 13 times
    10 since last reset
  • The average score is 15 of 26
Answer Stats
Hint Answer % Correct
C DNA discoverer from Northampton Francis Crick
88%
N River that flows through Northampton Nene
88%
P City; historically a distinct and separately governed 'Soke' Peterborough
88%
S British Grand Prix race track shared with Buckinghamshire Silverstone Circuit
88%
D Market town near Warwickshire Daventry
75%
U Waterway that crosses the county Grand {Union} {Canal}
75%
Y Radiohead singer from Wellingborough Thom Yorke
75%
T Town that's pronounced like 'toaster' Towcester
75%
W Conflict that saw the 1460 Battle of Northampton Wars of the Roses
75%
B Town where the Mercedes F1 team is headquartered Brackley
63%
I Market town east of Wellingborough Irthlingborough
63%
O Market town in the northeast Oundle
63%
X Bus route linking Northampton and Kettering (hint: X and a number) X10
63%
A Stately home where Princess Diana lived as a teenager Althorp House
50%
E Large village whose shoe-making industry inspired Kinky Boots {Earls} {Barton}
50%
G Lawn ornament first brought to England by Charles Isham Garden gnome
50%
H Market town east of Wellingborough {Higham} {Ferrers}
50%
R Technology first successfully tested in D Radar
50%
V Boughton House has been nicknamed the 'English ________' Versailles
50%
F Ruined castle where Mary, Queen of Scots was executed Fotheringhay Castle
38%
J Alan Moore novel set in Northampton Jerusalem
38%
M Jane Austen novel set in Northamptonshire Mansfield Park
25%
K Large stately home Kirby Hall
25%
L Large stately home Lilford Hall
25%
Q Shopping centre in P Queensgate
25%
Z T twinned with this Ukrainian city in 2024 {Zhyd}achiv
25%
No matching quizzes found
Score Distribution
Percent of People with Each Score
Percentile by Number Answered
Your Score History
You have not taken this quiz since the last reset